| 000 | 01919nam a2200577 i 4500 | ||
|---|---|---|---|
| 001 | 31124 | ||
| 003 | KOSZ 005 | ||
| 005 | 20210909112650.0 | ||
| 008 | 970903s1989 pl a |000 0 pol | ||
| 015 | _aUWD 1990/2496 | ||
| 035 | _a991002201539705066 | ||
| 035 | _a(PL-WaBN)b10609623-48omnis_nlop | ||
| 035 | _ab10609623 | ||
| 035 | _a(OCoLC)749891430 | ||
| 035 | _azz2006963842 | ||
| 035 | _a(PL)b0000001060962 | ||
| 035 | _a(EXLNZ-48OMNIS_NETWORK)9910252262805606 | ||
| 040 |
_aWA N _cWA N _dWA N _dKOSZ 005/HR |
||
| 046 | _k1989 | ||
| 080 | _a37.013 | ||
| 080 | _a688.72 | ||
| 080 | _a7.05 | ||
| 080 | _a159.922.7 | ||
| 080 | _a(06) | ||
| 245 | 0 | 0 |
_aDla kogo zabawka ? / _cwybór i oprac. Jacek Bukowski ; Instytut Wzornictwa Przemysłowego. |
| 260 |
_aWarszawa : _bIWP, _c1989. |
||
| 300 |
_a50, [2] s, : _bfot. ; _c22 cm. |
||
| 336 |
_aTekst _btxt _2rdacontent |
||
| 337 |
_aBez urządzenia pośredniczącego _bn _2rdamedia |
||
| 338 |
_aWolumin _bnc _2rdacarrier |
||
| 380 | _aKsiążki | ||
| 380 | _aPublikacje naukowe | ||
| 388 |
_a1901-2000 _a1989-2000 |
||
| 490 | 1 |
_aBiblioteka Wzornictwa _x0860-4320 ; _v15 |
|
| 500 | _aMateriały z sympozjum "Dziecko jako odbiorca zabawki" Kielce 1988. | ||
| 504 | _aBibliogr. s. 19. | ||
| 650 | 7 |
_aWychowanie _2DBN |
|
| 650 | 7 |
_aZabawki _2DBN |
|
| 650 | 7 | _aProjektowanie | |
| 650 | 7 | _aWzornictwo przemysłowe | |
| 650 | 7 | _aPsychologia dziecka | |
| 655 | 7 |
_aMateriały konferencyjne _2DBN |
|
| 658 | _aPsychologia | ||
| 658 | _aKultura i sztuka | ||
| 700 | 1 |
_aBukowski, Jacek _d(1948- ) _eWybór |
|
| 710 | 2 | _aInstytut Wzornictwa Przemysłowego | |
| 830 | 0 |
_aBiblioteka Wzornictwa _v15 |
|
| 856 |
_uhttp://koha.tu.koszalin.pl/cgi-bin/koha/opac-detail.pl?biblionumber=31124 _yKatalog online BPK |
||
| 942 |
_2UKD _cKS |
||
| 999 |
_c31124 _d31124 |
||